000 00397nam a2200121 4500
999 _c9653
_d9653
008 180713b ||||| |||| 00| 0 eng d
100 _928639
_aYuvienco, Jemps Gallegos
245 _aI wish I had spoken with my child sooner about sex/
_cJemps Gallegos Yuvienco
260 _aPhilippines
_bPhilippine Daily Inquirer
_cc2016
300 _apage D3.
650 0 _928640
_aSex education.
942 _2ddc
_cPER